| 000 | 00502nam a2200157 i 4500 | ||
|---|---|---|---|
| 001 | 90308 | ||
| 003 | ES-MaACL | ||
| 005 | 20230906180416.0 | ||
| 007 | t| | ||
| 008 | 050119s1959 sp ||||1| spa d | ||
| 245 | 0 | 0 |
_aLegislación concordada y al día de jornada máxima legal, descanso dominical y fiestas / _cAmado Fernández Heras. |
| 260 |
_a[Zaragoza : _bLa Editorial, _c1959] |
||
| 300 |
_a83 p. ; _c17 cm. |
||
| 700 | 1 |
_aFernández Heras, Amado. _949843 |
|
| 852 |
_aES-MaACL _j2003-F-2 _bR.44260 |
||
| 999 |
_c90308 _d90308 |
||